Jim Jarmusch Films - Statistics

General Stats
  • This quiz has been taken 8 times
  • The average score is 7 of 16
Answer Stats
Year Answer % Correct
2013 Only Lovers Left Alive
83%
1995 Dead Man
67%
2005 Broken Flowers
50%
2003 Coffee and Cigarettes
50%
1986 Down by Law
50%
2025 Father Mother Sister Brother
50%
1999 Ghost Dog
50%
1991 Night on Earth
50%
1984 Stranger Than Paradise
50%
1989 Mystery Train
33%
2016 Paterson
33%
1980 Permanent Vacation
33%
2019 The Dead Don't Die
33%
2016 Gimme Danger
17%
2009 The Limits of Control
17%
1997 Year of the Horse
17%
No matching quizzes found
Score Distribution
Percent of People with Each Score
Percentile by Number Answered
Your Score History
You have not taken this quiz